[Event "Navarra-ch"]
[Site "Pamplona"]
[Date "2017.03.11"]
[Round "1"]
[White "Alfonso Abrego, Santiago"]
[Black "Jimenez Almeida, Luis David"]
[Result "0-1"]
[WhiteElo "1829"]
[BlackElo "2252"]
[PlyCount "80"]
[EventDate "2017.03.11"]
[EventType "swiss"]
[EventRounds "7"]
[EventCountry "ESP"]
[SourceTitle "EXT 2018"]
[Source "ChessBase"]
[SourceDate "2017.10.13"]
[SourceVersion "1"]
[SourceVersionDate "2017.10.13"]
[SourceQuality "1"]

1. e4 c5 2. Nf3 Nc6 3. d4 cxd4 4. Nxd4 Nf6 5. Nc3 e5 6. Ndb5 d6 7. Bg5 a6 8. Na3 b5 9. Nd5 Be7 10. Bxf6 Bxf6 11. c3 Bg5 12. Nc2 0-0 13. a4 bxa4 14. h4 Bh6 15. Rxa4 Bb7 16. Nce3 Bxe3 17. Nxe3 Ne7 18. Nd5 Bxd5 19. exd5 Qb6 20. b3 f5 21. h5 Qc5 22. Rh3 h6 23. Rg3 Kh8 24. Bc4 Rf6 25. Qe2 Nxd5 26. b4 Qc6 27. b5 Qc5 28. Bxd5 Qxd5 29. c4 Qb7 30. Qa2 f4 31. Rf3 e4 32. Rfa3 Rff8 33. Rxa6 Rxa6 34. Rxa6 f3 35. g3 e3 36. Ra7 exf2+ 37. Qxf2 Qe4+ 38. Kd1 Qb1+ 39. Kd2 Qb2+ 40. Ke3 Re8+ 0-1

[Event "Navarra-ch"]
[Site "Pamplona"]
[Date "2016.05.07"]
[Round "8"]
[White "Alfonso Abrego, Santiago"]
[Black "Ortin Blanco, Inigo"]
[Result "0-1"]
[WhiteElo "1797"]
[BlackElo "2047"]
[PlyCount "46"]
[EventDate "2016.03.05"]
[EventType "swiss"]
[EventRounds "8"]
[EventCountry "ESP"]
[SourceTitle "EXT 2018"]
[Source "ChessBase"]
[SourceDate "2017.10.13"]
[SourceVersion "1"]
[SourceVersionDate "2017.10.13"]
[SourceQuality "1"]

1. e4 e5 2. Bc4 Nf6 3. d4 exd4 4. Nf3 Nc6 5. Ng5 d5 6. exd5 Qe7+ 7. Kf1 Ne5 8. Qxd4 Bf5 9. Bf4 Nfd7 10. Nc3 0-0-0 11. Re1 f6 12. Qxa7 Qb4 13. Ba6 bxa6 14. Nf7 Qc4+ 15. Kg1 Nxf7 16. d6 Bxd6 17. Bxd6 cxd6 18. Qa8+ Nb8 19. Nd5 Rhe8 20. Ne3 Be4 21. Qa7 Bb7 22. h3 Nc6 23. Kh2 Qf4+ 0-1

[Event "Navarra-ch"]
[Site "Pamplona"]
[Date "2016.03.05"]
[Round "1"]
[White "Alfonso Abrego, Santiago"]
[Black "Fuertes Cirauqui, Pablo"]
[Result "1-0"]
[WhiteElo "1797"]
[BlackElo "1305"]
[PlyCount "55"]
[EventDate "2016.03.05"]
[EventType "swiss"]
[EventRounds "8"]
[EventCountry "ESP"]
[SourceTitle "EXT 2018"]
[Source "ChessBase"]
[SourceDate "2017.10.13"]
[SourceVersion "1"]
[SourceVersionDate "2017.10.13"]
[SourceQuality "1"]

1. e4 e6 2. d4 d5 3. Nc3 Nf6 4. e5 Nfd7 5. f4 c5 6. Nf3 Nc6 7. Be3 cxd4 8. Nxd4 Bc5 9. Bb5 Qb6 10. Na4 Qc7 11. Qd2 a6 12. Bxc6 bxc6 13. Nxe6 fxe6 14. Nxc5 Nxc5 15. Bxc5 Qd8 16. 0-0 Rb8 17. c3 Qa5 18. b4 Qb5 19. a4 Qc4 20. a5 Bb7 21. f5 Bc8 22. Qg5 Rb7 23. f6 gxf6 24. Rxf6 Qxc3 25. Raf1 h6 26. Rf8+ Rxf8 27. Rxf8+ Kd7 28. Qe7# 1-0

[Event "Pamplona Navarro-ch"]
[Site "Pamplona"]
[Date "2015.05.09"]
[Round "5"]
[White "Huarte Zozaya, Aitor"]
[Black "Alfonso Abrego, Santiago"]
[Result "0-1"]
[WhiteElo "1509"]
[BlackElo "1781"]
[PlyCount "102"]
[EventDate "2015.04.11"]
[EventType "swiss"]
[EventRounds "8"]
[EventCountry "ESP"]
[SourceTitle "EXT 2016"]
[Source "ChessBase"]
[SourceDate "2015.10.08"]
[SourceVersion "1"]
[SourceVersionDate "2015.10.08"]
[SourceQuality "1"]

1. e4 e6 2. d4 d5 3. exd5 exd5 4. c4 Nf6 5. Nc3 c6 6. Nf3 Bg4 7. cxd5 Nxd5 8. Be2 Bb4 9. Qd3 0-0 10. Ng5 Re8 11. Qxh7+ Kf8 12. Qh8+ Ke7 13. Qxg7 Bxe2 14. Kxe2 Bxc3 15. bxc3 Qd6 16. Ne4 Kd8 17. Kd3 Nf4+ 18. Bxf4 Qxf4 19. Qf6+ Qxf6 20. Nxf6 Re6 21. Ne4 Nd7 22. h4 Ke7 23. g4 Rd8 24. Ng5 Rg6 25. f3 Nb6 26. Kc2 Nc4 27. Rae1+ Kf8 28. f4 b5 29. Rh2 c5 30. h5 Ra6 31. Kc1 cxd4 32. cxd4 Rc6 33. Kb1 Na3+ 34. Kb2 Nc4+ 35. Kb1 Na3+ 36. Kb2 Nc4+ 37. Kb3 Rxd4 38. Re4 Nd2+ 39. Rxd2 Rxd2 40. f5 a5 41. a3 Rd3+ 42. Kb2 a4 43. Re2 Rb3+ 44. Ka2 Rcc3 45. h6 Rxa3+ 46. Kb1 Rcb3+ 47. Kc1 Ra1+ 48. Kd2 Ra2+ 49. Ke1 Rb1+ 50. Kf2 Rxe2+ 51. Kxe2 Rh1 0-1

[Event "Pamplona Navarro-ch"]
[Site "Pamplona"]
[Date "2015.04.25"]
[Round "3"]
[White "Alfonso Abrego, Santiago"]
[Black "Ortega Lopez, Mikel"]
[Result "1-0"]
[WhiteElo "1781"]
[BlackElo "2175"]
[PlyCount "43"]
[EventDate "2015.04.11"]
[EventType "swiss"]
[EventRounds "8"]
[EventCountry "ESP"]
[SourceTitle "EXT 2016"]
[Source "ChessBase"]
[SourceDate "2015.10.08"]
[SourceVersion "1"]
[SourceVersionDate "2015.10.08"]
[SourceQuality "1"]

1. e4 c5 2. Nf3 d6 3. d4 cxd4 4. Nxd4 Nf6 5. Nc3 Nc6 6. Bc4 e5 7. Nf5 Bxf5 8. exf5 Nd4 9. Qd3 a6 10. Bg5 Be7 11. 0-0-0 Rc8 12. Bxf6 Bxf6 13. Nd5 Nxc2 14. Kb1 Nd4 15. g4 h6 16. f4 0-0 17. h4 Bxh4 18. f6 Bxf6 19. g5 b5 20. Nxf6+ Qxf6 21. gxf6 bxc4 22. Rdg1 1-0

[Event "Pamplona Navarro-ch"]
[Site "Pamplona"]
[Date "2015.04.18"]
[Round "2"]
[White "Alfonso Abrego, Santiago"]
[Black "Oyaga Valencia, Jesus Maria"]
[Result "1-0"]
[WhiteElo "1781"]
[BlackElo "1663"]
[PlyCount "39"]
[EventDate "2015.04.11"]
[EventType "swiss"]
[EventRounds "8"]
[EventCountry "ESP"]
[SourceTitle "EXT 2016"]
[Source "ChessBase"]
[SourceDate "2015.10.08"]
[SourceVersion "1"]
[SourceVersionDate "2015.10.08"]
[SourceQuality "1"]

1. e4 e6 2. d4 d5 3. Nc3 Nf6 4. e5 Nfd7 5. f4 c5 6. Nf3 Nc6 7. Be3 Qb6 8. Qd2 a6 9. Be2 cxd4 10. Nxd4 Nxd4 11. Bxd4 Qc7 12. 0-0 Be7 13. Rae1 g6 14. Kh1 b5 15. f5 Nxe5 16. Bxb5+ axb5 17. Bxe5 Bd6 18. Nxb5 Bxe5 19. Nxc7+ Bxc7 20. Qc3 1-0

[Event "Navarra-ch"]
[Site "Pamplona"]
[Date "2014.05.31"]
[Round "8"]
[White "Aguinaga Ruiz, Jesus Luis"]
[Black "Alfonso Abrego, Santiago"]
[Result "1-0"]
[WhiteElo "1982"]
[BlackElo "1744"]
[PlyCount "71"]
[EventDate "2014.03.29"]
[EventType "swiss"]
[EventRounds "8"]
[EventCountry "ESP"]
[SourceTitle "EXT 2016"]
[Source "ChessBase"]
[SourceDate "2015.10.08"]
[SourceVersion "1"]
[SourceVersionDate "2015.10.08"]
[SourceQuality "1"]

1. d4 e6 2. Bf4 Nf6 3. e3 b6 4. Bd3 Bb7 5. Nf3 Be7 6. h3 0-0 7. Nbd2 d5 8. c3 Ne4 9. Qc2 f5 10. Ne5 Nd7 11. Ndf3 Nxe5 12. Nxe5 Qe8 13. 0-0-0 c5 14. f3 c4 15. Bxe4 dxe4 16. Rhg1 b5 17. Kb1 a5 18. Rc1 Bd6 19. Qe2 Bd5 20. g4 Bxe5 21. Bxe5 exf3 22. gxf5 Ra7 23. Qf2 Rxf5 24. Rg4 Qc6 25. Rcg1 Rff7 26. Qh4 Qd7 27. e4 Bc6 28. Qf2 b4 29. Rc1 Qb7 30. Re1 bxc3 31. d5 Qxb2+ 32. Qxb2 cxb2 33. dxc6 Ra8 34. Rd1 Rc8 35. c7 f2 36. Rd8+ 1-0

[Event "Navarra-ch"]
[Site "Pamplona"]
[Date "2014.05.17"]
[Round "6"]
[White "Alfonso Abrego, Santiago"]
[Black "De Pablos Fernandez, Mariano"]
[Result "0-1"]
[WhiteElo "1744"]
[BlackElo "1930"]
[PlyCount "76"]
[EventDate "2014.03.29"]
[EventType "swiss"]
[EventRounds "8"]
[EventCountry "ESP"]
[SourceTitle "EXT 2016"]
[Source "ChessBase"]
[SourceDate "2015.10.08"]
[SourceVersion "1"]
[SourceVersionDate "2015.10.08"]
[SourceQuality "1"]

1. e4 e5 2. Nc3 Bc5 3. Bc4 d6 4. d3 Be6 5. Nf3 Bxc4 6. dxc4 Nc6 7. Nd5 Qd7 8. c3 Nf6 9. Qd3 Nxd5 10. cxd5 Ne7 11. b4 Bb6 12. 0-0 0-0 13. Bg5 Ng6 14. c4 h6 15. Bd2 f5 16. Rac1 a6 17. c5 Ba7 18. Rc2 fxe4 19. Qxe4 Nf4 20. Bxf4 Rxf4 21. Qd3 Raf8 22. Nd2 Rxb4 23. c6 bxc6 24. dxc6 Qc8 25. Nc4 Bd4 26. a3 Rb5 27. Nd2 Kh8 28. Nf3 Rf4 29. g3 Qg4 30. Nh4 Rf6 31. a4 Rb8 32. h3 Qxh3 33. Ng6+ Kg8 34. Ne7+ Kf8 35. Nd5 Rf7 36. Qg6 Rb3 37. Ne3 Bxe3 38. Qxf7+ Kxf7 0-1

[Event "Navarra-ch"]
[Site "Pamplona"]
[Date "2014.05.10"]
[Round "5"]
[White "Ruiz Anton, Adolfo"]
[Black "Alfonso Abrego, Santiago"]
[Result "0-1"]
[WhiteElo "1633"]
[BlackElo "1744"]
[PlyCount "126"]
[EventDate "2014.03.29"]
[EventType "swiss"]
[EventRounds "8"]
[EventCountry "ESP"]
[SourceTitle "EXT 2016"]
[Source "ChessBase"]
[SourceDate "2015.10.08"]
[SourceVersion "1"]
[SourceVersionDate "2015.10.08"]
[SourceQuality "1"]

1. b4 d5 2. Bb2 Bf5 3. Nf3 Nf6 4. e3 Nbd7 5. Be2 e6 6. b5 Bd6 7. d4 0-0 8. Nbd2 Re8 9. 0-0 Ne4 10. c4 c6 11. Ne5 Rc8 12. Nxd7 Qxd7 13. c5 Bb8 14. a4 Qe7 15. Nxe4 Bxe4 16. f4 Rf8 17. Bd3 f5 18. Bc3 Rf6 19. Bxe4 fxe4 20. Qe2 Rcf8 21. bxc6 bxc6 22. Qa6 Qe8 23. Ra2 g5 24. Raf2 gxf4 25. exf4 Bxf4 26. Qe2 Qg6 27. g3 Bh6 28. Bd2 Rxf2 29. Rxf2 Rxf2 30. Qxf2 Bxd2 31. Qxd2 Qf6 32. Qe3 e5 33. dxe5 Qxe5 34. Qe2 Qd4+ 35. Kg2 Qxc5 36. Qg4+ Kf7 37. Qf5+ Ke8 38. Qe6+ Kd8 39. Qg8+ Kc7 40. Qxh7+ Kb6 41. Qh8 Qc2+ 42. Kf1 Qxa4 43. Qb8+ Kc5 44. Qf8+ Kd4 45. Qf2+ Ke5 46. Qf4+ Kd4 47. Qf2+ Kc4 48. h4 Qd1+ 49. Kg2 Qf3+ 50. Qxf3 exf3+ 51. Kxf3 Kc3 52. Kf4 d4 53. h5 d3 54. h6 d2 55. h7 d1Q 56. h8Q+ Qd4+ 57. Qxd4+ Kxd4 58. g4 c5 59. g5 c4 60. g6 c3 61. g7 c2 62. g8Q c1Q+ 63. Kf5 Qf1+ 0-1

[Event "Navarra-ch"]
[Site "Pamplona"]
[Date "2014.04.12"]
[Round "3"]
[White "Leranoz Zabalza, Adrian"]
[Black "Alfonso Abrego, Santiago"]
[Result "1-0"]
[WhiteElo "2100"]
[BlackElo "1744"]
[PlyCount "53"]
[EventDate "2014.03.29"]
[EventType "swiss"]
[EventRounds "8"]
[EventCountry "ESP"]
[SourceTitle "EXT 2016"]
[Source "ChessBase"]
[SourceDate "2015.10.08"]
[SourceVersion "1"]
[SourceVersionDate "2015.10.08"]
[SourceQuality "1"]

1. d4 e6 2. Nf3 f5 3. c4 Nf6 4. Nc3 b6 5. e3 Bb7 6. Bd3 Be7 7. 0-0 0-0 8. a3 Qe8 9. b4 Qh5 10. Ne5 Qe8 11. f4 d6 12. Nf3 Nbd7 13. Ng5 Bd8 14. d5 exd5 15. cxd5 h6 16. Ne6 Nxd5 17. Nxf8 Nxc3 18. Qb3+ Kxf8 19. Qxc3 Bxg2 20. Kxg2 Bf6 21. Qxc7 Bxa1 22. Qxd6+ Kg8 23. Qd5+ Kh8 24. Qxf5 Nf6 25. e4 Qc6 26. b5 Qc3 27. e5 1-0

[Event "Navarra-ch"]
[Site "Pamplona"]
[Date "2014.04.05"]
[Round "2"]
[White "Alfonso Abrego, Santiago"]
[Black "Perez Marchal, Javier"]
[Result "0-1"]
[WhiteElo "1744"]
[BlackElo "1944"]
[PlyCount "52"]
[EventDate "2014.03.29"]
[EventType "swiss"]
[EventRounds "8"]
[EventCountry "ESP"]
[SourceTitle "EXT 2016"]
[Source "ChessBase"]
[SourceDate "2015.10.08"]
[SourceVersion "1"]
[SourceVersionDate "2015.10.08"]
[SourceQuality "1"]

1. e4 e5 2. Bc4 Nf6 3. Nc3 Nc6 4. d3 Na5 5. Bb3 Nxb3 6. axb3 d5 7. Bg5 d4 8. Nd5 Be6 9. Nxf6+ gxf6 10. Bd2 Rg8 11. g3 a6 12. Qh5 Qd7 13. f4 exf4 14. gxf4 f5 15. Nf3 fxe4 16. dxe4 Bg4 17. Qe5+ Be7 18. Nxd4 0-0-0 19. Bc3 c5 20. Nf5 Bh4+ 21. Nxh4 Qb5 22. Nf3 Bxf3 23. Qf5+ Kb8 24. Be5+ Ka8 25. c4 Qxb3 26. Ra3 Qd1+ 0-1

[Event "Navarra-chT Preferente"]
[Site "Navarra"]
[Date "2012.11.24"]
[Round "7.8"]
[White "Elia Aldave, Inigo"]
[Black "Alfonso Abrego, Santiago"]
[Result "0-1"]
[WhiteElo "1663"]
[BlackElo "1716"]
[PlyCount "106"]
[EventDate "2012.10.13"]
[EventType "team"]
[EventRounds "7"]
[EventCountry "ESP"]
[SourceTitle "EXT 2014"]
[Source "ChessBase"]
[SourceDate "2013.11.20"]
[SourceVersion "1"]
[SourceVersionDate "2013.11.20"]
[SourceQuality "1"]
[WhiteTeam "Paz de Ziganda"]
[BlackTeam "Nuevo Casino"]
[WhiteTeamCountry "ESP"]
[BlackTeamCountry "ESP"]

1. e4 e6 2. d4 d5 3. Nc3 Bb4 4. Bd2 Nf6 5. e5 Nfd7 6. Nf3 Bxc3 7. bxc3 c5 8. Bd3 Nc6 9. 0-0 c4 10. Be2 f6 11. exf6 Nxf6 12. Ng5 0-0 13. Bg4 Nxg4 14. Qxg4 e5 15. Qg3 exd4 16. cxd4 Nxd4 17. Qe5 Nc6 18. Qg3 Qf6 19. f4 Nd4 20. Rf2 Ne2+ 21. Rxe2 Qxa1+ 22. Re1 Qf6 23. Bb4 Bf5 24. Bxf8 Rxf8 25. Qe3 d4 26. Qf3 h6 27. Qd5+ Kh8 28. Nf3 d3 29. cxd3 cxd3 30. Rd1 Qb6+ 31. Kh1 Qe3 32. Ne5 Qe2 33. Qf3 Be4 34. Qxe2 dxe2 35. Re1 Rxf4 36. Kg1 Rf5 37. Ng6+ Kh7 38. Nh4 Rh5 39. g3 Bd3 40. Ng2 Re5 41. Nf4 Bc4 42. a4 g5 43. Nh5 Kg6 44. g4 Re4 45. h3 Re3 46. Kg2 Ra3 47. Ng3 Rxa4 48. Nxe2 Ra2 49. Kf3 Rxe2 50. Rc1 Ba6 51. Rc7 Rh2 52. Rd7 Bb5 53. Rd6+ Kg7 0-1

[Event "Navarra-chT Preferente"]
[Site "Navarra"]
[Date "2012.10.13"]
[Round "1.8"]
[White "Alfonso Abrego, Santiago"]
[Black "Ortega Lopez, Mikel"]
[Result "0-1"]
[WhiteElo "1716"]
[BlackElo "1991"]
[PlyCount "80"]
[EventDate "2012.10.13"]
[EventType "team"]
[EventRounds "7"]
[EventCountry "ESP"]
[SourceTitle "EXT 2014"]
[Source "ChessBase"]
[SourceDate "2013.11.20"]
[SourceVersion "1"]
[SourceVersionDate "2013.11.20"]
[SourceQuality "1"]
[WhiteTeam "Nuevo Casino"]
[BlackTeam "Orvina"]
[WhiteTeamCountry "ESP"]
[BlackTeamCountry "ESP"]

1. e4 c5 2. Nc3 e6 3. f4 Nc6 4. Nf3 a6 5. a4 d6 6. Bc4 g6 7. 0-0 Bg7 8. d3 Nge7 9. g4 d5 10. Ba2 f5 11. gxf5 d4 12. Ne2 exf5 13. Ng5 Qc7 14. e5 Nb4 15. Bc4 Nbd5 16. c3 h6 17. Nf3 dxc3 18. Qb3 Be6 19. bxc3 0-0 20. d4 Rfc8 21. Nd2 Kh7 22. Bxd5 Bxd5 23. c4 Bg8 24. d5 Qd7 25. Qh3 b5 26. cxb5 axb5 27. d6 Nc6 28. Ne4 Bc4 29. Nxc5 Qa7 30. Be3 Bxe2 31. axb5 Qxa1 32. Rxa1 Rxa1+ 33. Kf2 Bxb5 34. e6 Rca8 35. Nb3 R8a2+ 36. Bd2 Rf1+ 37. Qxf1 Bxf1 38. e7 Nxe7 39. dxe7 Bb5 40. Ke1 Ra3 0-1